[Event "13th Leiden Open 2019"]
[Site "Leiden"]
[Date "2019.07.14"]
[Round "3.4"]
[White "Sengupta, Deep"]
[Black "Van der Wiel, John T.H."]
[Result "1-0"]
[WhiteElo "2558"]
[BlackElo "2380"]
[Annotator "TA"]
[PlyCount "123"]
[EventDate "2019.07.08"]
[EventType "swiss"]
[EventCountry "NED"]
[SourceTitle "playchess.com"]
[Source "ChessBase"]
[SourceQuality "1"]

{[%evp 13,123,0,38,7,45,45,37,27,57,48,78,38,33,37,49,35,40,25,30,20,41,0,19,-27,-4,-15,-13,-25,-23,-33,27,31,36,36,52,27,37,30,30,37,37,33,35,26,31,32,39,15,16,16,67,67,65,13,68,66,66,66,68,51,30,22,35,31,27,33,52,39,223,223,223,209,209,201,124,0,0,0,0,0,0,0,939,0,946,910,917,910,599,0,0,0,0,0,0,0,0,0,0,0,29963,29964,29967,29968,29957,12797,29977,29978,29978,29980,29991,29992]} 1. e4 c5 2. Nf3 d6 3. d4 cxd4 4. Nxd4 Nf6 5. Nc3 a6 6. Bg5 Nbd7 7. f4 Qc7 8. Qf3 {B94: Sicilian Najdorf: 6 Bg5 Nbd7} g6 9. O-O-O Bg7 10. g4 {White is slightly better.} (10. Be2 h6 11. Bh4 Nb6 12. h3 Bd7 13. Rhe1 Bc6 14. Nxc6 bxc6 15. Bxf6 exf6 {½-½ (69) Sjugirov,S (2661)-Artemiev,V (2754) Sochi 2019}) 10... O-O 11. Bg2 Nb6 $146 ({Predecessor:} 11... Rb8 12. Rhe1 b5 13. Nb3 e5 {1-0 (13) Walek,P (2070)-Sosovicka,J (1677) Kouty nad Desnou 2014}) 12. Bxf6 Bxf6 13. g5 Bg7 14. f5 Be5 15. h4 Qc5 16. Nb3 Qc4 17. h5 gxf5 18. Bf1 Qc6 {Black wants to play ...Bxc3.} 19. Nd4 Qc5 20. Nxf5 Bxf5 21. exf5 Bxc3 (21... Rfc8 $15 22. g6 Rc7) 22. Qxc3 $11 Qxc3 23. bxc3 Na4 24. f6 Nxc3 25. fxe7 Rfe8 $1 26. Rxd6 Rxe7 27. Bc4 Rc8 28. Bb3 Ne4 29. Rd5 Nc5 30. Rhd1 Nxb3+ 31. axb3 {[%mdl 4096] Endgame KRR-KRR} h6 ({Better is} 31... Kg7 $11) 32. gxh6 $14 Kh7 33. Rd7 (33. Rd6 $14) 33... Rc7 (33... Rxd7 $1 $11 34. Rxd7 Kxh6) 34. Rxc7 Rxc7 {KR-KR} 35. Rd6 Rc6 36. Rd7 Rf6 $1 37. Rxb7 {Black must now prevent b4.} Kxh6 38. c4 Kxh5 39. Kc2 Kg4 40. Kc3 a5 $2 ({Black should play} 40... Rf1 $1 $14) 41. c5 $18 Rf1 42. Rb5 f5 43. Rxa5 {aiming for Ra2.} f4 44. Ra8 ({White must play} 44. Ra2 $1 $16 Kf5 45. Rc2) 44... f3 $11 45. Rf8 Kg3 46. b4 {Kc2 is the strong threat.} f2 47. b5 Re1 $2 {[%mdl 8192] [#]} (47... Rc1+ $11 48. Kd4 Rd1+ 49. Kc4 f1=Q+ 50. Rxf1 Rxf1) 48. Kd4 $2 (48. Rxf2 $3 $18 {[%mdl 512]} Kxf2 49. c6) 48... f1=Q $4 {[%mdl 8192]} (48... Rd1+ $11 49. Kc4 Rc1+ 50. Kd5 Rd1+ 51. Kc6 Rd3) 49. Rxf1 $18 Rxf1 {[#] KR-KPP} 50. c6 $1 Kf4 51. c7 $2 (51. b6 $18 {Hoping for c7.} Rd1+ 52. Kc4 Rc1+ 53. Kd5 Rd1+ 54. Kc4 Rc1+ 55. Kd5 Rd1+ 56. Ke6) 51... Rd1+ $11 52. Kc5 Ke5 $1 {( -> ...Rc1+)} 53. Kc6 Rc1+ 54. Kd7 Rd1+ 55. Ke7 Rc1 56. b6 Kd5 $2 {[%mdl 8192]} (56... Rc6 $11) 57. Kd7 Rb1 58. c8=Q Rxb6 59. Qa8+ Kc5 60. Qa5+ {White mates.} Rb5 61. Qc3+ Kd5 62. Qc6+ {[%mdl 64] Double Attack. Accuracy: White = 54%, Black = 55%.} 1-0

[Event "13th Leiden Open 2019"]
[Site "Leiden"]
[Date "2019.07.14"]
[Round "3.5"]
[White "Stefansson, Hannes"]
[Black "Das, Arghyadip"]
[Result "1/2-1/2"]
[WhiteElo "2562"]
[BlackElo "2439"]
[Annotator "ChessBase"]
[PlyCount "87"]
[EventDate "2019.07.08"]
[EventType "swiss"]
[EventCountry "NED"]
[SourceTitle "playchess.com"]
[Source "ChessBase"]
[SourceQuality "1"]
[TimeControl "40/5400+30:1800+30"]

1. e4 {[%emt 0:00:00]} c5 {[%emt 0:00:19]} 2. Nf3 {[%emt 0:00:00]} d6 {[%emt 0:00:13]} 3. d4 {[%emt 0:00:06]} cxd4 {[%emt 0:00:10]} 4. Nxd4 {[%emt 0:00:11]} Nf6 {[%emt 0:00:04]} 5. Nc3 {[%emt 0:00:15]} a6 {[%emt 0:00:09]} 6. h3 {[%emt 0:00:38]} e6 {[%emt 0:09:02]} 7. g4 {[%emt 0:00:58]} b5 {[%emt 0:02:21]} 8. g5 {[%emt 0:05:20]} Nfd7 {[%emt 0:00:10]} 9. a3 {[%emt 0:01:55]} Bb7 {[%emt 0:00:45]} 10. h4 {[%emt 0:01:22]} Nc6 {[%emt 0:08:10]} 11. Be3 {[%emt 0:05:53]} Rc8 {[%emt 0:04:50]} 12. Nxc6 {[%emt 0:04:15]} Rxc6 {[%emt 0:06:09]} 13. Qd4 {[%emt 0:05:15]} Ne5 {[%emt 0:12:04]} 14. O-O-O {[%emt 0:01:19]} Qc8 {[%emt 0:14:38]} 15. f4 {[%emt 0:10:31]} Nc4 {[%emt 0:00:26]} 16. Bxc4 {[%emt 0:00:25]} Rxc4 {[%emt 0:00:15]} 17. Qd3 {[%emt 0:00:27]} a5 {[%emt 0:08:07]} 18. Bd4 {[%emt 0:09:25]} b4 {[%emt 0:01:49]} 19. axb4 {[%emt 0:19:28]} axb4 {[%emt 0:00:20]} 20. Nd5 {[%emt 0:02:50]} exd5 {[%emt 0:03:42]} 21. exd5 {[%emt 0:00:07]} Bxd5 {[%emt 0:02:20]} 22. Rhe1+ {[%emt 0:00:09]} Kd7 {[%emt 0:00:24]} 23. Bg1 {[%emt 0:14:02]} Qc6 {[%emt 0:04:17]} 24. Bd4 {[%emt 0:03:29]} Be7 {[%emt 0:07:17]} 25. b3 {[%emt 0:04:08]} Rxd4 {[%emt 0:02:22]} 26. Qxd4 {[%emt 0:00:05]} Be6 {[%emt 0:01:07]} 27. Qa7+ {[%emt 0:01:04]} Qc7 {[%emt 0:08:22]} 28. Qxc7+ {[%emt 0:00:09]} Kxc7 {[%emt 0:00:03]} 29. f5 {[%emt 0:00:14]} Kd7 {[%emt 0:00:10]} 30. fxe6+ {[%emt 0:00:15]} fxe6 {[%emt 0:00:01]} 31. Kd2 {[%emt 0:05:00]} h6 {[%emt 0:02:11]} 32. Ra1 {[%emt 0:01:02]} e5 {[%emt 0:00:03]} 33. Ra7+ {[%emt 0:00:31]} Ke6 {[%emt 0:00:02]} 34. gxh6 {[%emt 0:02:19]} Rxh6 {[%emt 0:00:59]} 35. Re4 {[%emt 0:00:17]} d5 {[%emt 0:00:19]} 36. Rg4 {[%emt 0:00:40]} g6 {[%emt 0:00:40]} 37. Rb7 {[%emt 0:01:22]} e4 {[%emt 0:01:18]} 38. Ke3 {[%emt 0:00:43]} Bxh4 {[%emt 0:02:28]} 39. Rxb4 {[%emt 0:01:04]} Bf6 {[%emt 0:00:02]} 40. Rb5 {[%emt 0:02:06]} Rh3+ {[%emt 0:00:15]} 41. Ke2 {[%emt 0:07:09]} Rh2+ {[%emt 0:00:48]} 42. Kd1 {[%emt 0:01:46]} Rh1+ {[%emt 0:01:30]} 43. Ke2 {[%emt 0:00:13]} Rh2+ {[%emt 0:00:36]} 44. Kd1 {[%emt 0:00:51]} 1/2-1/2

[Event "13th Leiden Open 2019"]
[Site "Leiden"]
[Date "2019.07.15"]
[Round "4.6"]
[White "Chanda, Sandipan"]
[Black "Lai, Hing Ting"]
[Result "1-0"]
[WhiteElo "2516"]
[BlackElo "2460"]
[Annotator "TA"]
[PlyCount "63"]
[EventDate "2019.07.08"]
[EventType "swiss"]
[EventCountry "NED"]
[SourceTitle "playchess.com"]
[Source "ChessBase"]
[SourceQuality "1"]

{[%evp 13,63,3,3,3,15,20,15,12,15,18,12,15,15,15,15,15,23,0,0,0,0,0,0,8,10,0,13,8,7,8,83,56,270,285,381,375,379,351,346,263,193,204,189,166,425,424,410,390,536,531,537,535]} 1. d4 Nf6 2. c4 e6 3. Nc3 Bb4 4. e3 O-O 5. Bd2 d5 6. Nf3 b6 7. cxd5 exd5 8. Rc1 {E51: Nimzo-Indian: Rubinstein: 4...0-0 5 Nf3 d5} a6 (8... Bb7 9. Bd3 Be7 10. O-O c5 11. dxc5 bxc5 12. Na4 Nbd7 13. Bc3 Ne4 14. Bxe4 dxe4 15. Ne5 Nxe5 16. Bxe5 Qxd1 17. Rfxd1 {½-½ (30) Wang,Y (2690)-Cheparinov,I (2702) China 2018}) 9. Ne5 Bb7 10. Bd3 {The position is equal.} Bd6 11. O-O c5 12. f4 Nc6 13. Ng4 Be7 14. Nxf6+ Bxf6 {[#]} 15. Qh5 $146 {[%csl Gd3][%cal Rh5h7] [#]} ({Predecessor:} 15. dxc5 bxc5 16. b3 Nb4 17. Bb1 d4 18. Na4 dxe3 19. Bxe3 {1-0 (35) Sandipan,C (2566)-Ma,Z (2471) Sanya 2017}) 15... g6 16. Qf3 $1 ({But not} 16. Qxd5 cxd4 17. Qxd8 Raxd8 $17) 16... Nb4 17. Bb1 cxd4 18. exd4 Bxd4+ 19. Kh1 Nc6 20. f5 Be5 21. Qh3 Qd6 (21... Re8 $11 {remains equal.}) 22. Rcd1 $16 {[%cal Bc1d1,Bd1d4,Bd4h4,Bh4f4][%mdl 32]} Bxc3 $2 ({Better is} 22... Ne7 $14) 23. bxc3 $18 Ne5 24. Bf4 Qf6 25. Bh6 {And now fxg6 would win.} Qd6 26. Bxf8 Rxf8 27. Rd4 Qf6 28. Rh4 h5 $2 (28... a5 {is a better defense.} 29. Rxh7 Ba6) 29. Kg1 {Black must now prevent fxg6.} Qg5 {[#]} 30. Rhf4 $1 Re8 31. fxg6 fxg6 32. Qe3 {Accuracy: White = 85%, Black = 47%.} 1-0

[Event "13th Leiden Open 2019"]
[Site "Leiden"]
[Date "2019.07.15"]
[Round "4.8"]
[White "Beerdsen, Thomas"]
[Black "Ikonnikov, Vyacheslav"]
[Result "1/2-1/2"]
[WhiteElo "2497"]
[BlackElo "2499"]
[Annotator "TA"]
[PlyCount "57"]
[EventDate "2019.07.08"]
[EventType "swiss"]
[EventCountry "NED"]
[SourceTitle "playchess.com"]
[Source "ChessBase"]
[SourceQuality "1"]

{[%evp 25,57,45,45,34,52,67,66,63,66,64,71,70,68,61,61,62,72,32,46,13,36,43,35,36,39,10,21,18,11,14,15,14,13,0]} 1. e4 c5 2. Nf3 Nc6 3. d4 cxd4 4. Nxd4 e5 5. Nb5 d6 6. c4 Be7 7. N1c3 a6 8. Na3 Be6 9. Nc2 Bg5 10. Be2 Bxc1 11. Rxc1 Nf6 12. O-O O-O 13. Qd2 Qb8 14. Rfd1 {B32: Sicilian: Löwenthal and Kalashnikov Variations} Rd8 15. Qe3 Qa7 16. Qxa7 {White is slightly better.} Nxa7 17. f3 Rac8 18. b3 Kf8 19. Kf2 {[#]} g6 $146 ({Predecessor:} 19... Ke7 20. g3 g6 21. Ke3 h5 {½-½ (48) Frostick,C (2466)-Pankratov,V (2504) Argentina 1997}) 20. g3 Nc6 21. Ke3 Ne8 22. f4 exf4+ 23. gxf4 f5 24. Bf3 Rc7 25. Nd5 Rf7 {The position is equal.} 26. exf5 Bxf5 27. Kf2 Ng7 28. Nce3 Re8 29. Rc3 {Accuracy: White = 68%, Black = 85%.} 1/2-1/2

[Event "13th Leiden Open 2019"]
[Site "Leiden"]
[Date "2019.07.15"]
[Round "4.9"]
[White "Suvrajit, Saha"]
[Black "De Jong, Migchiel"]
[Result "1/2-1/2"]
[WhiteElo "2189"]
[BlackElo "2345"]
[Annotator "TA"]
[PlyCount "128"]
[EventDate "2019.07.08"]
[EventType "swiss"]
[EventCountry "NED"]
[SourceTitle "playchess.com"]
[Source "ChessBase"]
[SourceQuality "1"]

{[%evp 9,128,18,17,0,0,0,0,-5,-6,0,0,0,-8,-8,0,-24,-2,-17,9,0,14,-4,12,0,2,0,24,6,30,0,33,33,25,0,0,0,0,0,0,0,0,0,0,0,0,0,0,0,0,0,0,0,35,33,27,24,61,61,70,67,77,94,91,66,292,54,54,42,43,21,46,61,61,55,73,49,45,45,50,50,55,43,50,0,0,0,0,0,0,1,1,1,15,15,17,18,54,25,33,33,43,0,505,391,325,375,470,460,558,0,417,0,0,0,341,0,0,0,430,405,1826]} 1. d4 e6 2. c4 Bb4+ 3. Bd2 a5 4. g3 Nf6 5. Bg2 d5 (5... O-O 6. Nf3 b6 7. O-O Bb7 8. Bf4 Be7 9. Nc3 Ne4 10. Nb5 c6 11. Nc7 Ra7 12. Qb3 d6 13. c5 Qxc7 14. cxb6 a4 15. bxc7 axb3 16. cxb8=Q Rxb8 17. axb3 Rba8 18. Rxa7 Rxa7 {½-½ (37) Jakovenko,D (2719)-Rapport,R (2726) Shenzhen 2019}) 6. a3 {E00: Catalan Bogo-Indian (3 g3 Bb4+)} Be7 7. Nc3 O-O 8. cxd5 {The position is equal.} exd5 9. Qc2 c6 10. Nf3 Nbd7 {[%cal Bb8d7,Bd7b6,Bb6c4][%mdl 32]} 11. O-O Bd6 12. Rfe1 Re8 13. Rad1 Nb6 $146 ({Predecessor:} 13... h6 14. Bc1 Nb6 15. h3 Qc7 16. Nd2 g6 17. e4 dxe4 18. Ndxe4 Nxe4 19. Nxe4 Rxe4 20. Bxe4 {1-0 (59) Albrecht,N (1853)-Duemmke,J (2056) Hamburg 2018}) 14. Bg5 Be7 15. Bf4 g6 16. Ne5 Bf5 17. Qc1 Qc8 18. Nd3 Nc4 19. e4 (19. f3 {is more complex.} b5 20. Bg5 b4 21. Na4 bxa3 22. b3) 19... dxe4 20. Nxe4 Nxe4 21. Bxe4 Nb6 22. Bxf5 Qxf5 23. Re5 Qd7 24. Rde1 Nd5 25. Nc5 Bxc5 $1 26. dxc5 f6 27. Rxe8+ Rxe8 28. Rxe8+ Qxe8 29. Bd2 a4 30. Qc4 $36 {[%mdl 2048] White has some pressure.} Qe5 31. Bc3 Qf5 32. Qxa4 Qb1+ 33. Kg2 Nxc3 34. bxc3 $14 {[%mdl 4096] Endgame KQ-KQ} Kf7 $1 35. Qc4+ Ke7 36. Qf4 g5 $2 {[#]} (36... Qd3 $14) 37. Qd6+ $2 (37. Qb4 $1 $18 {[%cal Rb4b1]} Qxb4 38. cxb4) 37... Kf7 38. Qd7+ Kg6 39. Qe8+ Kg7 40. Qe7+ Kg6 41. h3 h5 42. Qe8+ Kh6 43. Qh8+ Kg6 44. Qg8+ Kh6 45. Qc4 Qf5 46. g4 hxg4 47. hxg4 Qe5 48. Qd4 Qe6 49. Kf3 Kg7 50. a4 Kf7 51. Qb4 Qd5+ 52. Ke3 Qe5+ 53. Kd3 Qd5+ 54. Kc2 Qa2+ 55. Kd3 Qxf2 $2 {[%mdl 8192]} (55... Qd5+ $11 {and Black has nothing to worry.} 56. Ke3 Qe5+ 57. Kd3 Qe7) 56. Qxb7+ $18 {[%mdl 64] [#] Double Attack} Kg6 57. Qxc6 Qg3+ 58. Kd4 Qg1+ 59. Kd3 $2 (59. Kd5 $18) 59... Qd1+ $2 {[%mdl 8192]} (59... Qg3+ $1 $11 60. Kd4 Qe5+ 61. Kc4 Qe2+ 62. Kd5 Qe5+ 63. Kc4 Qe2+ 64. Kd5 Qe5+ 65. Kc4) 60. Ke3 $2 (60. Kc4 $18) 60... Qe1+ $11 61. Kd3 $2 {[%mdl 8192]} (61. Kd4 $11 Qd1+ 62. Kc4 Qxg4+ 63. Kb5 Qe2+ 64. c4) 61... Qd1+ $18 62. Ke3 $2 (62. Kc4 $18) 62... Qe1+ $11 63. Kd3 {White threatens Qe4+ and mate.} Qg3+ $2 {[%mdl 8192]} (63... Qd1+ $11 {and Black stays safe.} 64. Kc4 Qxg4+ 65. Kb3 Qd1+ 66. Kb4 Qe2) 64. Kc2 $18 Kf7 {[%mdl 32768] Accuracy: White = 55%, Black = 57%. . An unexpected result.} (64... Qxg4 $142 65. Qe8+ Kh6) 1/2-1/2

[Event "13th Leiden Open 2019"]
[Site "Leiden"]
[Date "2019.07.17"]
[Round "5.6"]
[White "Ivanov, Sergey"]
[Black "Chanda, Sandipan"]
[Result "0-1"]
[WhiteElo "2496"]
[BlackElo "2516"]
[Annotator "ChessBase"]
[PlyCount "56"]
[EventDate "2019.07.08"]
[EventType "swiss"]
[EventCountry "NED"]
[SourceTitle "playchess.com"]
[Source "ChessBase"]
[SourceQuality "1"]
[TimeControl "40/5400+30:1800+30"]

1. d4 {[%emt 0:00:00]} f5 {[%emt 0:00:00]} 2. c4 {[%emt 0:00:00]} Nf6 {[%emt 0:00:00]} 3. Nc3 {[%emt 0:00:00]} e6 {[%emt 0:00:02]} 4. Qc2 {[%emt 0:00:11]} b6 {[%emt 0:00:16]} 5. e3 {[%emt 0:00:26]} Bb7 {[%emt 0:00:10]} 6. Nge2 {[%emt 0:00:37]} Bd6 {[%emt 0:01:38]} 7. a3 {[%emt 0:03:38]} O-O {[%emt 0:01:10]} 8. b4 {[%emt 0:00:17]} c5 {[%emt 0:01:57]} 9. b5 {[%emt 0:02:33]} cxd4 {[%emt 0:17:30]} 10. Nxd4 {[%emt 0:06:47]} Qc7 {[%emt 0:08:01]} 11. Nf3 {[%emt 0:19:51]} Ng4 {[%emt 0:01:56]} 12. Bb2 {[%emt 0:08:13]} Nxh2 {[%emt 0:09:06]} 13. Nxh2 {[%emt 0:00:35]} Bxh2 {[%emt 0:00:06]} 14. O-O-O {[%emt 0:00:51]} Be5 {[%emt 0:00:11]} 15. f4 {[%emt 0:01:17]} Bf6 {[%emt 0:00:22]} 16. Rh2 {[%emt 0:01:40]} Qc5 {[%emt 0:07:08]} 17. Rh3 {[%emt 0:04:53]} a6 {[%emt 0:01:10]} 18. g4 {[%emt 0:05:10]} axb5 {[%emt 0:01:16]} 19. g5 {[%emt 0:03:12]} Be4 {[%emt 0:01:27]} 20. Bd3 {[%emt 0:04:02]} Bxd3 {[%emt 0:03:57]} 21. Rxd3 {[%emt 0:00:36]} Bxc3 {[%emt 0:00:21]} 22. Rxc3 {[%emt 0:03:12]} b4 {[%emt 0:01:00]} 23. axb4 {[%emt 0:02:01]} Qxb4 {[%emt 0:00:06]} 24. Qh2 {[%emt 0:03:12]} Ra2 {[%emt 0:01:14]} 25. e4 {[%emt 0:06:53]} Nc6 {[%emt 0:06:23]} 26. exf5 {[%emt 0:01:00]} Rfa8 {[%emt 0:04:17]} 27. Rxh7 {[%emt 0:03:41]} Ra1+ {[%emt 0:00:38]} 28. Kc2 {[%emt 0:00:10]} Qxb2+ {[%emt 0:00:16]} 0-1

[Event "13th Leiden Open 2019"]
[Site "Leiden"]
[Date "2019.07.17"]
[Round "5.7"]
[White "Ikonnikov, Vyacheslav"]
[Black "Van der Werf, Mark"]
[Result "1/2-1/2"]
[WhiteElo "2499"]
[BlackElo "2394"]
[Annotator "ChessBase"]
[PlyCount "61"]
[EventDate "2019.07.08"]
[EventType "swiss"]
[EventCountry "NED"]
[SourceTitle "playchess.com"]
[Source "ChessBase"]
[SourceQuality "1"]
[TimeControl "40/5400+30:1800+30"]

1. d4 {[%emt 0:00:00]} Nf6 {[%emt 0:00:00]} 2. Nf3 {[%emt 0:00:00]} e6 {[%emt 0:00:00]} 3. c4 {[%emt 0:00:03]} c5 {[%emt 0:00:00]} 4. d5 {[%emt 0:00:30]} exd5 {[%emt 0:00:00]} 5. cxd5 {[%emt 0:00:04]} d6 {[%emt 0:00:00]} 6. Nc3 {[%emt 0:00:17]} g6 {[%emt 0:00:05]} 7. e4 {[%emt 0:00:49]} a6 {[%emt 0:00:09]} 8. h3 {[%emt 0:00:40]} b5 {[%emt 0:00:15]} 9. Bd3 {[%emt 0:00:34]} Bg7 {[%emt 0:00:14]} 10. O-O {[%emt 0:00:42]} O-O {[%emt 0:00:09]} 11. Re1 {[%emt 0:03:26]} Re8 {[%emt 0:01:00]} 12. Bf4 {[%emt 0:02:11]} Bb7 {[%emt 0:03:22]} 13. a3 {[%emt 0:05:21]} Qb6 {[%emt 0:00:15]} 14. Qd2 {[%emt 0:02:07]} Nbd7 {[%emt 0:00:07]} 15. b4 {[%emt 0:00:53]} Rac8 {[%emt 0:00:28]} 16. Rac1 {[%emt 0:00:07]} Re7 {[%emt 0:00:29]} 17. Be3 {[%emt 0:19:22]} Qd8 {[%emt 0:00:18]} 18. Bh6 {[%emt 0:03:20]} Bh8 {[%emt 0:01:27]} 19. Bg5 {[%emt 0:01:29]} Re8 {[%emt 0:05:33]} 20. Bb1 {[%emt 0:20:01]} Bg7 {[%emt 0:04:12]} 21. Ne2 {[%emt 0:06:52]} Qe7 {[%emt 0:12:42]} 22. Ng3 {[%emt 0:00:26]} Qf8 {[%emt 0:00:10]} 23. Bf4 {[%emt 0:08:16]} Nb6 {[%emt 0:09:26]} 24. Ba2 {[%emt 0:01:13]} Nfd7 {[%emt 0:01:02]} 25. h4 {[%emt 0:01:01]} Na4 {[%emt 0:07:15]} 26. bxc5 {[%emt 0:02:59]} Rxc5 {[%emt 0:03:45]} 27. Rxc5 {[%emt 0:02:05]} Naxc5 {[%emt 0:02:16]} 28. h5 {[%emt 0:00:36]} Qe7 {[%emt 0:19:16]} 29. Bg5 {[%emt 0:02:30]} Bf6 {[%emt 0:03:26]} 30. Bxf6 {[%emt 0:01:08]} Qxf6 {[%emt 0:00:12]} 31. Re3 {[%emt 0:07:57]} 1/2-1/2

[Event "13th Leiden Open 2019"]
[Site "Leiden"]
[Date "2019.07.17"]
[Round "5.8"]
[White "Suvrajit, Saha"]
[Black "Beerdsen, Thomas"]
[Result "1/2-1/2"]
[WhiteElo "2189"]
[BlackElo "2497"]
[Annotator "ChessBase"]
[PlyCount "82"]
[EventDate "2019.07.08"]
[EventType "swiss"]
[EventCountry "NED"]
[SourceTitle "playchess.com"]
[Source "ChessBase"]
[SourceQuality "1"]
[TimeControl "40/5400+30:1800+30"]

1. d4 {[%emt 0:00:00]} e6 {[%emt 0:01:42]} 2. c4 {[%emt 0:00:31]} Nf6 {[%emt 0:00:44]} 3. Nf3 {[%emt 0:00:09]} Bb4+ {[%emt 0:01:22]} 4. Bd2 {[%emt 0:00:07]} c5 {[%emt 0:00:22]} 5. dxc5 {[%emt 0:02:47]} Bxc5 {[%emt 0:00:09]} 6. Nc3 {[%emt 0:00:11]} O-O {[%emt 0:01:31]} 7. e3 {[%emt 0:00:11]} Nc6 {[%emt 0:03:45]} 8. a3 {[%emt 0:01:01]} d5 {[%emt 0:03:46]} 9. cxd5 {[%emt 0:06:25]} exd5 {[%emt 0:00:08]} 10. Be2 {[%emt 0:00:06]} Bg4 {[%emt 0:02:51]} 11. O-O {[%emt 0:00:35]} Qe7 {[%emt 0:02:11]} 12. Nd4 {[%emt 0:09:00]} Bxe2 {[%emt 0:02:34]} 13. Nxc6 {[%emt 0:03:15]} bxc6 {[%emt 0:01:30]} 14. Qxe2 {[%emt 0:03:02]} Bd6 {[%emt 0:05:17]} 15. Rfd1 {[%emt 0:03:59]} Rfb8 {[%emt 0:05:13]} 16. Be1 {[%emt 0:00:58]} Rb3 {[%emt 0:00:34]} 17. Rac1 {[%emt 0:01:30]} Rab8 {[%emt 0:00:34]} 18. Rc2 {[%emt 0:00:08]} h5 {[%emt 0:01:39]} 19. f3 {[%emt 0:08:32]} Nd7 {[%emt 0:07:44]} 20. Bf2 {[%emt 0:04:23]} Be5 {[%emt 0:02:35]} 21. Na4 {[%emt 0:04:10]} Qf6 {[%emt 0:19:32]} 22. Qa6 {[%emt 0:10:18]} Bxb2 {[%emt 0:06:40]} 23. Rxc6 {[%emt 0:00:26]} Qd8 {[%emt 0:01:40]} 24. Nxb2 {[%emt 0:05:28]} Rxb2 {[%emt 0:00:07]} 25. Bg3 {[%emt 0:06:13]} Rb1 {[%emt 0:08:08]} 26. Qf1 {[%emt 0:06:34]} Rxd1 {[%emt 0:01:53]} 27. Qxd1 {[%emt 0:00:02]} Rb6 {[%emt 0:02:47]} 28. Rc1 {[%emt 0:09:07]} Qg5 {[%emt 0:02:59]} 29. Bf4 {[%emt 0:03:07]} Qf5 {[%emt 0:00:32]} 30. Rc8+ {[%emt 0:02:54]} Nf8 {[%emt 0:01:00]} 31. Rb8 {[%emt 0:05:17]} Rxb8 {[%emt 0:01:34]} 32. Bxb8 {[%emt 0:00:02]} a6 {[%emt 0:00:33]} 33. Ba7 {[%emt 0:02:03]} Qd7 {[%emt 0:02:16]} 34. Bd4 {[%emt 0:00:18]} Ne6 {[%emt 0:00:15]} 35. Qc2 {[%emt 0:01:19]} Qb5 {[%emt 0:00:49]} 36. Qc8+ {[%emt 0:00:39]} Kh7 {[%emt 0:00:07]} 37. Qc2+ {[%emt 0:00:11]} Kh6 {[%emt 0:01:51]} 38. h4 {[%emt 0:01:26]} Qa5 {[%emt 0:01:33]} 39. Qc3 {[%emt 0:00:52]} Qa4 {[%emt 0:02:53]} 40. Kf2 {[%emt 0:01:11]} a5 {[%emt 0:02:14]} 41. Qd3 {[%emt 0:03:42]} Nxd4 {[%emt 0:03:47]} 1/2-1/2

[Event "13th Leiden Open 2019"]
[Site "Leiden"]
[Date "2019.07.17"]
[Round "5.9"]
[White "Lai, Hing Ting"]
[Black "Roorda, Thijs"]
[Result "1/2-1/2"]
[WhiteElo "2460"]
[BlackElo "2108"]
[Annotator "ChessBase"]
[PlyCount "90"]
[EventDate "2019.07.08"]
[EventType "swiss"]
[EventCountry "NED"]
[SourceTitle "playchess.com"]
[Source "ChessBase"]
[SourceQuality "1"]
[TimeControl "40/5400+30:1800+30"]

1. Nf3 {[%emt 0:00:00]} f5 {[%emt 0:00:00]} 2. d3 {[%emt 0:00:00]} d6 {[%emt 0:03:05]} 3. e4 {[%emt 0:00:00]} e5 {[%emt 0:00:19]} 4. Nc3 {[%emt 0:00:22]} Nf6 {[%emt 0:00:24]} 5. exf5 {[%emt 0:00:14]} Bxf5 {[%emt 0:00:36]} 6. d4 {[%emt 0:00:05]} e4 {[%emt 0:09:18]} 7. Nh4 {[%emt 0:00:07]} Qd7 {[%emt 0:01:31]} 8. Bg5 {[%emt 0:14:46]} Be7 {[%emt 0:02:27]} 9. Bxf6 {[%emt 0:04:47]} Bxf6 {[%emt 0:01:18]} 10. Nxf5 {[%emt 0:00:06]} Qxf5 {[%emt 0:00:05]} 11. g4 {[%emt 0:00:42]} Qa5 {[%emt 0:04:47]} 12. g5 {[%emt 0:01:56]} Bxg5 {[%emt 0:05:55]} 13. Bb5+ {[%emt 0:04:04]} Kd8 {[%emt 0:03:57]} 14. Qg4 {[%emt 0:06:52]} Bf6 {[%emt 0:02:18]} 15. Qxe4 {[%emt 0:00:42]} a6 {[%emt 0:03:08]} 16. Ba4 {[%emt 0:07:11]} c6 {[%emt 0:06:03]} 17. O-O-O {[%emt 0:00:10]} Nd7 {[%emt 0:01:48]} 18. Qe6 {[%emt 0:05:34]} Kc7 {[%emt 0:15:01]} 19. h4 {[%emt 0:00:59]} Rae8 {[%emt 0:03:02]} 20. Qg4 {[%emt 0:00:05]} h5 {[%emt 0:02:59]} 21. Qg6 {[%emt 0:02:39]} Re7 {[%emt 0:03:54]} 22. Kb1 {[%emt 0:01:24]} Nf8 {[%emt 0:01:10]} 23. Qg3 {[%emt 0:04:27]} Qf5 {[%emt 0:05:21]} 24. Bb3 {[%emt 0:01:59]} Ng6 {[%emt 0:02:20]} 25. f3 {[%emt 0:03:37]} Re3 {[%emt 0:01:26]} 26. Rhg1 {[%emt 0:05:06]} Nxh4 {[%emt 0:06:24]} 27. Ne4 {[%emt 0:00:16]} Rd8 {[%emt 0:00:33]} 28. Nxf6 {[%emt 0:00:40]} Qxf6 {[%emt 0:00:06]} 29. Qxg7+ {[%emt 0:00:20]} Qxg7 {[%emt 0:00:25]} 30. Rxg7+ {[%emt 0:00:02]} Rd7 {[%emt 0:00:39]} 31. Rxd7+ {[%emt 0:02:37]} Kxd7 {[%emt 0:00:05]} 32. Bf7 {[%emt 0:00:05]} Nf5 {[%emt 0:06:40]} 33. Bxh5 {[%emt 0:00:10]} Nxd4 {[%emt 0:00:05]} 34. Rg1 {[%emt 0:03:54]} Nxf3 {[%emt 0:01:11]} 35. Bxf3 {[%emt 0:00:06]} Rxf3 {[%emt 0:00:06]} 36. Rg7+ {[%emt 0:00:11]} Ke6 {[%emt 0:02:05]} 37. b3 {[%emt 0:00:13]} Rf7 {[%emt 0:00:06]} 38. Rg8 {[%emt 0:00:14]} d5 {[%emt 0:01:30]} 39. Kb2 {[%emt 0:00:25]} Kd6 {[%emt 0:00:21]} 40. Rg6+ {[%emt 0:02:27]} Kc5 {[%emt 0:00:22]} 41. Rg5 {[%emt 0:30:10]} a5 {[%emt 0:32:19]} 42. a4 {[%emt 0:03:27]} Re7 {[%emt 0:03:47]} 43. Rh5 {[%emt 0:01:37]} b5 {[%emt 0:00:37]} 44. axb5 {[%emt 0:00:40]} cxb5 {[%emt 0:00:50]} 45. Rh8 {[%emt 0:00:14]} Rd7 {[%emt 0:00:47]} 1/2-1/2